Techno Strike! / (Record no. 2881)

MARC details
000 -LEADER
fixed length control field 01116nam a22002777a 4500
001 - CONTROL NUMBER
control field 2881
003 - CONTROL NUMBER IDENTIFIER
control field FISKH
005 - DATE AND TIME OF LATEST TRANSACTION
control field 20251212135914.0
008 - FIXED-LENGTH DATA ELEMENTS--GENERAL INFORMATION
fixed length control field 240119b cb ||||| |||| 00| 0 eng d
040 ## - CATALOGING SOURCE
Original cataloging agency FISKH
Language of cataloging eng
Transcribing agency FISKH
Modifying agency FISKH
050 ## - LIBRARY OF CONGRESS CALL NUMBER
Classification number PZ7.H83314
082 ## - DEWEY DECIMAL CLASSIFICATION NUMBER
Classification number 813.6
100 ## - MAIN ENTRY--PERSONAL NAME
Personal name Howard, Kate
245 ## - TITLE STATEMENT
Title Techno Strike! /
Statement of responsibility, etc. by Howard, Kate :
250 ## - EDITION STATEMENT
Edition statement First printing , July 2014
260 ## - PUBLICATION, DISTRIBUTION, ETC.
Place of publication, distribution, etc. New York :
Name of publisher, distributor, etc. Scholastic ,
Date of publication, distribution, etc. 2014
300 ## - PHYSICAL DESCRIPTION
Extent 32 pages :
Other physical details color illustrations ;
Dimensions 24 cm.
490 ## - SERIES STATEMENT
Series statement LEGO Ninjago Reader
505 ## - FORMATTED CONTENTS NOTE
Formatted contents note M <br/>
520 ## - SUMMARY, ETC.
Summary, etc. The Masters of Spinjitzu have escaped the Overlord and his henchman, Cyrus Borg. But now Sensei Wu is the Overlord's captive, and the ninja are desperate to get him back. There's only one way to stop the Overlord, and that's to wipe out his power at the source -- a system reboot. But the Overlord's minions, the Nindroids, are everywhere, and they are just as skilled as the ninja.
521 8# - TARGET AUDIENCE NOTE
Target audience note 530 <br/>
Source Lexile <br/>
521 8# - TARGET AUDIENCE NOTE
Target audience note M <br/>
Source Raz-Plus <br/>
600 ## - SUBJECT ADDED ENTRY--PERSONAL NAME
Source of heading or term lego
Form subdivision fiction
610 ## - SUBJECT ADDED ENTRY--CORPORATE NAME
Source of heading or term ninjago
Form subdivision scholastic book
942 ## - ADDED ENTRY ELEMENTS (KOHA)
Source of classification or shelving scheme Dewey Decimal Classification
Koha item type Books
Suppress in OPAC No
Holdings
Withdrawn status Lost status Source of classification or shelving scheme Damaged status Not for loan Collection Home library Current library Shelving location Date acquired Total Checkouts Full call number Barcode Date last seen Date last checked out Price effective from Koha item type
    Dewey Decimal Classification     Fiction Footprints International School Library Network Toul Tom Poung Campus Footprints International School Library Network Toul Tom Poung Campus TTP Primary Yellow Bookshelves 01/19/2024 6 HOW 813.6 PZ7.H83314 FISTKG1B093 02/25/2026 01/21/2026 01/19/2024 Books